00606nam a2200205Ia 4500003000400000005001700004008004100021020001900062040000700081041000800088082001300096100002500109245003700134260003800171300000900209650002200218942001300240999001900253952012800272OSt20250902155823.0250729s2004 xx 000 0 und d a978-8176487559 cAL aeng a370 ASHD aAshraf Nehal9222386 aDictionary of primmary education aNew DelhibA P H Publishingc2004 a194p aEducation9222387 2ddccBED c235438d235438 00104070aALbALd2025-07-29eSita Book Houseg125.00l0o370 ASHDpBED00757r2025-07-29 16:54:00v125.00w2025-07-29yBK